[Event "AUT-chT2W 2122"]
[Site "Austria"]
[Date "2022.03.11"]
[Round "9.6"]
[White "Kuecher, Wolfgang"]
[Black "Fedorovsky, Michael"]
[Result "0-1"]
[WhiteElo "2122"]
[BlackElo "2402"]
[PlyCount "102"]
[EventDate "2021.10.15"]
[EventType "team-tourn"]
[EventRounds "11"]
[EventCountry "AUT"]
[SourceTitle "EXT 2023"]
[Source "ChessBase"]
[SourceDate "2022.10.05"]
[SourceVersion "1"]
[SourceVersionDate "2022.10.05"]
[SourceQuality "1"]
[WhiteTeam "Ranshofen"]
[BlackTeam "Jenbach II"]
[WhiteTeamCountry "AUT"]
[BlackTeamCountry "AUT"]

1. g3 d5 2. Bg2 Nf6 3. Nf3 c5 4. c4 d4 5. Na3 Nc6 6. d3 e5 7. 0-0 h6 8. Nc2 Bd6 9. e3 0-0 10. exd4 exd4 11. h3 Re8 12. Rb1 a5 13. b3 Bf5 14. a3 Qd7 15. Kh2 Bh7 16. Nfe1 Rab8 17. Bd2 Ne5 18. Bf4 Qf5 19. Bxe5 Qxe5 20. b4 b6 21. Bf3 h5 22. h4 g5 23. Ng2 Qf5 24. hxg5 Ng4+ 25. Bxg4 hxg4 26. bxc5 bxc5 27. Nce1 Qxg5 28. Rb5 Bf5 29. Kg1 Kg7 30. Nh4 Bd7 31. Rxa5 Rb2 32. Nc2 Rb6 33. Qc1 Qxc1 34. Rxc1 Re2 35. Ra7 Be6 36. Ne1 Rbb2 37. Ra6 Be7 38. Ra7 Bg5 39. Rd1 Rxf2 40. Nhg2 Be3 41. Nxe3 dxe3 42. Ra1 Rf3 43. a4 Rxg3+ 44. Kh1 Rh3+ 45. Kg1 Rg3+ 46. Kh1 Bc8 47. a5 Bb7+ 48. Rxb7 Rxb7 49. a6 Ra7 50. Nc2 f5 51. d4 Kg6 0-1

[Event "AUT-chT2W 2122"]
[Site "Austria"]
[Date "2022.02.20"]
[Round "5.6"]
[White "Kuecher, Wolfgang"]
[Black "Engelhart, Achim"]
[Result "1/2-1/2"]
[WhiteElo "2122"]
[BlackElo "2088"]
[PlyCount "40"]
[EventDate "2021.10.15"]
[EventType "team-tourn"]
[EventRounds "11"]
[EventCountry "AUT"]
[SourceTitle "EXT 2023"]
[Source "ChessBase"]
[SourceDate "2022.10.05"]
[SourceVersion "1"]
[SourceVersionDate "2022.10.05"]
[SourceQuality "1"]
[WhiteTeam "Ranshofen"]
[BlackTeam "Hoerbranz"]
[WhiteTeamCountry "AUT"]
[BlackTeamCountry "AUT"]

1. Nf3 c5 2. c4 Nc6 3. g3 e5 4. Nc3 g6 5. Bg2 Bg7 6. 0-0 Nge7 7. Rb1 0-0 8. a3 a5 9. Ne1 d6 10. Nc2 Be6 11. Ne3 Rb8 12. Ned5 b5 13. cxb5 Nxd5 14. Bxd5 Bxd5 15. Nxd5 Rxb5 16. Qa4 Qb8 17. Nc3 Rb6 18. Nd5 Rb5 19. Nc3 Rb6 20. Nd5 Rb5 1/2-1/2

[Event "AUT-ch Zwisch Internet"]
[Site "Playchess.com INT"]
[Date "2020.05.02"]
[Round "8"]
[White "Kuecher, Wolfgang"]
[Black "Kravanja, Georg"]
[Result "1/2-1/2"]
[WhiteElo "2117"]
[BlackElo "2199"]
[PlyCount "145"]
[EventDate "2020.05.02"]
[EventType "swiss (blitz)"]
[EventRounds "13"]
[EventCountry "AUT"]
[SourceTitle "CBM 195 Extra"]
[Source "ChessBase"]
[SourceDate "2020.05.31"]
[SourceVersion "1"]
[SourceVersionDate "2020.05.31"]
[SourceQuality "1"]

1. g3 d5 2. Bg2 Nf6 3. c4 c6 4. b3 Qb6 5. Nc3 e6 6. Nf3 Bb4 7. Bb2 0-0 8. 0-0 Qa5 9. a3 Be7 10. b4 Qc7 11. cxd5 exd5 12. Rc1 Bg4 13. d3 Nbd7 14. Qd2 Qd8 15. h3 Bh5 16. Na4 a5 17. Nc5 axb4 18. axb4 Nxc5 19. bxc5 Ra2 20. Qb4 b5 21. Qb3 Ra4 22. Ra1 Rxa1 23. Rxa1 Bxc5 24. Rc1 Qb6 25. d4 Bd6 26. e3 Ne4 27. Qc2 Rc8 28. Nd2 Nxd2 29. Qxd2 Bg6 30. Bxd5 c5 31. dxc5 Rxc5 32. Rxc5 Qxc5 33. Bb3 Qb4 34. Qd4 Qxd4 35. Bxd4 Bd3 36. f4 Kf8 37. Kf2 f5 38. Ke1 g6 39. Kd2 Be4 40. Kc3 Bg2 41. h4 Be4 42. Bd1 Kf7 43. Be2 b4+ 44. Kb3 Bd5+ 45. Kb2 Ke6 46. Ba6 Kd7 47. Bd3 Kc6 48. h5 Bc5 49. hxg6 hxg6 50. Kc2 Be4 51. Bxe4+ fxe4 52. Bxc5 Kxc5 53. g4 Kc4 54. f5 gxf5 55. gxf5 Kd5 56. Kb3 Ke5 57. Kxb4 Kxf5 58. Kc5 Ke5 59. Kc4 Ke6 60. Kd4 Kf6 61. Kxe4 Ke6 62. Kd4 Kd6 63. Ke4 Ke6 64. Kf4 Kf6 65. e4 Ke6 66. e5 Ke7 67. Ke4 Ke6 68. Kd4 Ke7 69. Kd5 Kd7 70. Ke4 Ke6 71. Kf4 Ke7 72. Kg5 Ke6 73. Kf4 1/2-1/2

[Event "AUT-ch Zwisch Internet"]
[Site "Playchess.com INT"]
[Date "2020.05.02"]
[Round "12"]
[White "Kuecher, Wolfgang"]
[Black "Morgunov, Marc"]
[Result "0-1"]
[WhiteElo "2117"]
[BlackElo "2341"]
[PlyCount "130"]
[EventDate "2020.05.02"]
[EventType "swiss (blitz)"]
[EventRounds "13"]
[EventCountry "AUT"]
[SourceTitle "CBM 195 Extra"]
[Source "ChessBase"]
[SourceDate "2020.05.31"]
[SourceVersion "1"]
[SourceVersionDate "2020.05.31"]
[SourceQuality "1"]

1. g3 Nf6 2. Bg2 g6 3. e4 d6 4. d4 Bg7 5. Nc3 0-0 6. h3 Nbd7 7. Be3 e5 8. Nge2 c6 9. Qd2 Qc7 10. 0-0 Re8 11. Rad1 a5 12. dxe5 dxe5 13. Qd6 Qxd6 14. Rxd6 Bf8 15. Rdd1 a4 16. a3 Bc5 17. Bxc5 Nxc5 18. Nc1 Be6 19. Nd3 Nxd3 20. Rxd3 Bc4 21. Rd6 Bxf1 22. Bxf1 Kg7 23. f3 Red8 24. Rxd8 Rxd8 25. Nxa4 Rd2 26. Bd3 Nd7 27. Kf1 b5 28. Nc3 Nc5 29. Ke1 Rh2 30. h4 Nxd3+ 31. cxd3 Rxb2 32. f4 Rb3 33. Kd2 exf4 34. gxf4 Rxa3 35. Ne2 b4 36. Nd4 c5 37. Nb5 Ra2+ 38. Ke3 b3 39. Nc3 Ra1 40. Kd2 Ra2+ 41. Kd1 Rc2 42. Na4 Rh2 43. Kc1 Rxh4 44. Nxc5 Rxf4 45. Nxb3 h5 46. Kd2 h4 47. Ke3 g5 48. Nd4 h3 49. Nf3 Rxf3+ 50. Kxf3 g4+ 51. Kg3 Kf6 52. d4 Ke6 53. d5+ Ke5 54. Kh2 f5 55. exf5 Kxd5 56. Kg3 Ke5 57. Kh2 Kxf5 58. Kg3 Kg5 59. Kh2 Kf4 60. Kg1 Kg3 61. Kh1 Kf2 62. Kh2 g3+ 63. Kh1 g2+ 64. Kh2 g1Q+ 65. Kxh3 Qg3# 0-1

[Event "AUT-ch Zwisch Internet"]
[Site "Playchess.com INT"]
[Date "2020.05.02"]
[Round "13"]
[White "Wiedermann, Daniel"]
[Black "Kuecher, Wolfgang"]
[Result "1-0"]
[WhiteElo "2048"]
[BlackElo "2117"]
[PlyCount "59"]
[EventDate "2020.05.02"]
[EventType "swiss (blitz)"]
[EventRounds "13"]
[EventCountry "AUT"]
[SourceTitle "CBM 195 Extra"]
[Source "ChessBase"]
[SourceDate "2020.05.31"]
[SourceVersion "1"]
[SourceVersionDate "2020.05.31"]
[SourceQuality "1"]

1. d4 g6 2. c4 Bg7 3. e4 Nc6 4. Ne2 e5 5. d5 Nd4 6. Be3 c5 7. Nbc3 d6 8. f4 Ne7 9. fxe5 dxe5 10. Ng3 0-0 11. Bd3 f5 12. exf5 Nexf5 13. Nxf5 Bxf5 14. 0-0 Qe7 15. Ne4 h6 16. Qd2 Kh7 17. Rae1 Rae8 18. d6 Qd7 19. Nxc5 Qxd6 20. Nxb7 Qc7 21. Bxf5 Rxf5 22. Rxf5 gxf5 23. Bxd4 Qxb7 24. Bc3 Qa6 25. Qd7 Re6 26. Rxe5 Rg6 27. Re7 Qb6+ 28. Bd4 Rg4 29. Rxg7+ Rxg7 30. Qxg7# 1-0

[Event "AUT-ch Vor3 Internet"]
[Site "Playchess.com INT"]
[Date "2020.04.17"]
[Round "7"]
[White "Kuecher, Wolfgang"]
[Black "Doujak, Gabriel Andreas"]
[Result "1-0"]
[WhiteElo "2117"]
[BlackElo "1980"]
[PlyCount "103"]
[EventDate "2020.04.17"]
[EventType "swiss (blitz)"]
[EventRounds "9"]
[EventCountry "AUT"]
[SourceTitle "CBM 195 Extra"]
[Source "ChessBase"]
[SourceDate "2020.05.31"]
[SourceVersion "1"]
[SourceVersionDate "2020.05.31"]
[SourceQuality "1"]

1. g3 d5 2. Bg2 Nf6 3. c4 c6 4. b3 g6 5. Bb2 Bg7 6. d3 0-0 7. Nd2 Nbd7 8. Ngf3 b6 9. 0-0 Bb7 10. Rc1 Rc8 11. Ne5 Nxe5 12. Bxe5 Qd7 13. Nf3 dxc4 14. bxc4 Ne8 15. Qc2 f6 16. Ba1 e5 17. Rfd1 Nd6 18. c5 Nb5 19. a4 Nd4 20. Nxd4 exd4 21. Qc4+ Kh8 22. Qxd4 Qe6 23. Bf3 bxc5 24. Qxc5 a6 25. a5 Rfe8 26. Rb1 Ba8 27. Rb6 Bf8 28. Qc3 Kg7 29. Rxa6 Be7 30. Ra7 Kg8 31. Bb2 c5 32. Qc4 Qxc4 33. dxc4 Bxf3 34. exf3 Kf7 35. Rdd7 Ra8 36. Ba3 Rxa7 37. Rxa7 Ke6 38. a6 Rb8 39. Rb7 Rxb7 40. axb7 Bd6 41. Bxc5 Bb8 42. Bd4 Kd7 43. Bxf6 Kc6 44. Bd4 Kxb7 45. f4 Kc6 46. Kg2 Bd6 47. Kf3 Bc5 48. Bxc5 Kxc5 49. Ke4 Kxc4 50. g4 Kc5 51. Ke5 Kc4 52. f5 1-0

[Event "AUT-ch Vor3 Internet"]
[Site "Playchess.com INT"]
[Date "2020.04.17"]
[Round "9"]
[White "Kuecher, Wolfgang"]
[Black "Wohlfahrt, Herbert J"]
[Result "1-0"]
[WhiteElo "2117"]
[BlackElo "2285"]
[PlyCount "81"]
[EventDate "2020.04.17"]
[EventType "swiss (blitz)"]
[EventRounds "9"]
[EventCountry "AUT"]
[SourceTitle "CBM 195 Extra"]
[Source "ChessBase"]
[SourceDate "2020.05.31"]
[SourceVersion "1"]
[SourceVersionDate "2020.05.31"]
[SourceQuality "1"]

1. g3 d5 2. Bg2 c6 3. b3 Nf6 4. Bb2 Bf5 5. Nf3 h6 6. 0-0 e6 7. d3 Nbd7 8. Nbd2 Be7 9. Re1 Bh7 10. e4 0-0 11. e5 Ne8 12. h3 a5 13. a4 b5 14. Nd4 Qb6 15. N2f3 bxa4 16. Rxa4 c5 17. Ne2 Rc8 18. Bc3 Qb8 19. Rxa5 d4 20. Bb2 Nxe5 21. Nxe5 Qxe5 22. Bxd4 Qc7 23. Bc3 Nd6 24. Nf4 Nf5 25. Qd2 Nd4 26. Rea1 Bg5 27. Kh1 Bxf4 28. gxf4 Qe7 29. b4 Nc6 30. Rxc5 Nb8 31. Ra8 Bg6 32. Rxc8 Rxc8 33. Be5 Qd8 34. Qe3 Nd7 35. Rxc8 Qxc8 36. c4 f6 37. Bc3 Nf8 38. b5 Bf5 39. b6 Qa6 40. b7 Qa1+ 41. Bxa1 1-0

[Event "AUT-ch Vor2 Internet"]
[Site "Playchess.com INT"]
[Date "2020.04.13"]
[Round "7"]
[White "Ehs, Dominik"]
[Black "Kuecher, Wolfgang"]
[Result "0-1"]
[WhiteElo "2070"]
[BlackElo "2117"]
[PlyCount "107"]
[EventDate "2020.04.13"]
[EventType "swiss (blitz)"]
[EventRounds "9"]
[EventCountry "AUT"]
[SourceTitle "CBM 195 Extra"]
[Source "ChessBase"]
[SourceDate "2020.05.31"]
[SourceVersion "1"]
[SourceVersionDate "2020.05.31"]
[SourceQuality "1"]

1. e4 g6 2. d4 Bg7 3. Nc3 d6 4. Bc4 a6 5. a4 Nc6 6. Nf3 e5 7. Be3 Nge7 8. 0-0 0-0 9. Bb3 h6 10. Qd2 Kh7 11. Rad1 Bg4 12. dxe5 Bxf3 13. gxf3 Nxe5 14. Qe2 f5 15. f4 Ng4 16. Kh1 Nxe3 17. fxe3 fxe4 18. Nxe4 Nf5 19. Ng3 Qh4 20. Nxf5 Rxf5 21. c3 Re8 22. Qf3 Rh5 23. Rd2 Qh3 24. Rg2 Rxe3 25. Qxh3 Rhxh3 26. Bf7 Ref3 27. Bxg6+ Kg8 28. Rfg1 Kf8 29. Bf5 Bf6 30. Bxh3 Rxh3 31. Rg8+ Kf7 32. Rc8 Rf3 33. Rxc7+ Ke6 34. Re1+ Kf5 35. Rxb7 Rxf4 36. Rb6 Be5 37. Rxa6 Rf2 38. Rxe5+ dxe5 39. Rxh6 Rxb2 40. Rc6 e4 41. Kg1 e3 42. Kf1 Ke4 43. a5 Rxh2 44. a6 Ra2 45. Re6+ Kd3 46. c4 Ra1+ 47. Kg2 e2 48. Rd6+ Kxc4 49. a7 e1Q 50. Rc6+ Kd5 51. Rh6 Qd2+ 52. Kf3 Qxh6 53. a8Q+ Rxa8 54. Kg4 0-1

[Event "AUT-ch Vor2 Internet"]
[Site "Playchess.com INT"]
[Date "2020.04.13"]
[Round "5"]
[White "Kuecher, Wolfgang"]
[Black "Friedl, Markus"]
[Result "1-0"]
[WhiteElo "2117"]
[BlackElo "1857"]
[PlyCount "81"]
[EventDate "2020.04.13"]
[EventType "swiss (blitz)"]
[EventRounds "9"]
[EventCountry "AUT"]
[SourceTitle "CBM 195 Extra"]
[Source "ChessBase"]
[SourceDate "2020.05.31"]
[SourceVersion "1"]
[SourceVersionDate "2020.05.31"]
[SourceQuality "1"]

1. g3 e5 2. Bg2 c6 3. d4 exd4 4. Qxd4 Nf6 5. Nf3 d5 6. 0-0 Be7 7. c4 dxc4 8. Qxc4 0-0 9. Nc3 Be6 10. Qa4 Nbd7 11. Rd1 Qc7 12. Bf4 Qc8 13. Rac1 Nb6 14. Qc2 Nbd5 15. Nxd5 Nxd5 16. Bd2 Rd8 17. a3 Qc7 18. e4 Nf6 19. h3 Qb6 20. Bc3 h6 21. Nd4 Bc4 22. Nf5 Qc7 23. Nxe7+ Qxe7 24. Bxf6 Qxf6 25. Qxc4 Rxd1+ 26. Rxd1 Qxb2 27. Qb4 Qe2 28. Rd2 Qe1+ 29. Kh2 Re8 30. Rd8 Qxb4 31. Rxe8+ Qf8 32. Rxf8+ Kxf8 33. Kg1 Ke7 34. Kf1 f6 35. Ke2 c5 36. Kd3 b6 37. f4 Kd6 38. Kc4 a6 39. a4 g5 40. Bf3 Ke6 41. a5 1-0

[Event "AUT-ch Vor1 Internet"]
[Site "Playchess.com INT"]
[Date "2020.04.11"]
[Round "7"]
[White "Kuecher, Wolfgang"]
[Black "Galler, Alexander"]
[Result "1-0"]
[WhiteElo "2117"]
[BlackElo "1772"]
[PlyCount "83"]
[EventDate "2020.04.11"]
[EventType "swiss (blitz)"]
[EventRounds "9"]
[EventCountry "AUT"]
[SourceTitle "CBM 195 Extra"]
[Source "ChessBase"]
[SourceDate "2020.05.31"]
[SourceVersion "1"]
[SourceVersionDate "2020.05.31"]
[SourceQuality "1"]

1. g3 e5 2. Bg2 Nf6 3. c3 d5 4. d4 e4 5. Nh3 h6 6. 0-0 Be6 7. f3 Be7 8. Nf2 Qd7 9. fxe4 dxe4 10. Nxe4 Nxe4 11. Bxe4 Bh3 12. Bg2 Bxg2 13. Kxg2 0-0 14. e4 c5 15. Be3 c4 16. Nd2 b5 17. a3 Qe6 18. Qf3 Nd7 19. Rae1 Qg6 20. Rf2 h5 21. Ref1 f6 22. Qf5 Qxf5 23. Rxf5 h4 24. Rxb5 hxg3 25. hxg3 Nb6 26. d5 Bd6 27. Bxb6 axb6 28. Nxc4 Bc5 29. d6 Rfd8 30. Rc1 Bxd6 31. Rxb6 Bc5 32. Rc6 Ba7 33. Rc2 Rd3 34. Rd6 Rxd6 35. Nxd6 Rd8 36. Nb5 Bb6 37. c4 Rd1 38. b4 Rg1+ 39. Kh2 Re1 40. c5 Bd8 41. c6 Be7 42. c7 1-0

[Event "Innsbruck op 3rd"]
[Site "Innsbruck"]
[Date "2019.08.26"]
[Round "3"]
[White "Kuecher, Wolfgang"]
[Black "Okhotnik, Vladimir"]
[Result "0-1"]
[WhiteElo "2141"]
[BlackElo "2363"]
[PlyCount "58"]
[EventDate "2019.08.25"]
[EventType "swiss"]
[EventRounds "9"]
[EventCountry "AUT"]
[SourceTitle "EXT 2020"]
[Source "ChessBase"]
[SourceDate "2019.10.17"]
[SourceVersion "1"]
[SourceVersionDate "2019.10.17"]
[SourceQuality "1"]

1. d4 g6 2. g3 Bg7 3. Bg2 c5 4. Nf3 cxd4 5. Nxd4 Nc6 6. Nb3 a5 7. a4 d6 8. 0-0 h5 9. Nc3 h4 10. e4 hxg3 11. fxg3 Nf6 12. Nd5 Nxd5 13. Qxd5 Qb6+ 14. Kh1 Be6 15. Qb5 Qa7 16. c3 Rh5 17. Qd3 Bxb3 18. c4 Nd4 19. Be3 Qa6 20. Rfc1 Nc2 21. Qxb3 Nxe3 22. Qxe3 Bxb2 23. Bf3 Rc5 24. Qh6 0-0-0 25. e5 Bxa1 26. Rxa1 Qxc4 27. Rb1 Qd3 28. Bxb7+ Kc7 29. Rb2 Qf1# 0-1

[Event "AUT-chT2W 1819"]
[Site "Austria"]
[Date "2019.02.10"]
[Round "8.4"]
[White "Kuecher, Wolfgang"]
[Black "Hess, Max"]
[Result "1-0"]
[WhiteElo "2124"]
[BlackElo "2326"]
[PlyCount "75"]
[EventDate "2018.10.12"]
[EventType "team-tourn"]
[EventRounds "11"]
[EventCountry "AUT"]
[SourceTitle "CBM 189 Extra"]
[Source "ChessBase"]
[SourceDate "2019.06.03"]
[SourceVersion "1"]
[SourceVersionDate "2019.06.03"]
[SourceQuality "1"]
[WhiteTeam "Ranshofen"]
[BlackTeam "Bregenz"]
[WhiteTeamCountry "AUT"]
[BlackTeamCountry "AUT"]

1. Nf3 Nf6 2. g3 g6 3. Bg2 Bg7 4. 0-0 0-0 5. c4 d6 6. d4 Nbd7 7. Nc3 e5 8. e4 exd4 9. Nxd4 Re8 10. h3 Nc5 11. Re1 Bd7 12. f3 Qc8 13. Kh2 h5 14. Be3 Nh7 15. Qd2 a6 16. Rac1 Qb8 17. Nd5 h4 18. g4 Ne6 19. Kh1 Nhf8 20. Nxe6 Nxe6 21. f4 Bc6 22. f5 Bxd5 23. cxd5 Nc5 24. Bg5 Be5 25. Bxh4 Kg7 26. f6+ Kh7 27. Rf1 a5 28. Qg5 b6 29. Bf2 Rh8 30. Be3 Kg8 31. h4 Qc8 32. Kg1 Kf8 33. h5 Qa6 34. Rxc5 bxc5 35. hxg6 fxg6 36. Qxg6 Bh2+ 37. Kf2 Rg8 38. Bh6+ 1-0

[Event "AUT-chT2W 1819"]
[Site "Austria"]
[Date "2018.12.08"]
[Round "4.4"]
[White "Kuecher, Wolfgang"]
[Black "Deglmann, Ludwig"]
[Result "0-1"]
[WhiteElo "2124"]
[BlackElo "2270"]
[PlyCount "66"]
[EventDate "2018.10.12"]
[EventType "team-tourn"]
[EventRounds "11"]
[EventCountry "AUT"]
[SourceTitle "CBM 189 Extra"]
[Source "ChessBase"]
[SourceDate "2019.06.03"]
[SourceVersion "1"]
[SourceVersionDate "2019.06.03"]
[SourceQuality "1"]
[WhiteTeam "Ranshofen"]
[BlackTeam "Absam"]
[WhiteTeamCountry "AUT"]
[BlackTeamCountry "AUT"]

1. c4 f5 2. Nc3 Nf6 3. g3 g6 4. Bg2 Bg7 5. Nf3 0-0 6. 0-0 d6 7. d4 Qe8 8. d5 Na6 9. Rb1 Nc5 10. b4 Nce4 11. Bb2 a5 12. a3 axb4 13. axb4 e5 14. Nb5 Qe7 15. Nd2 Nxd2 16. Qxd2 b6 17. e3 Ba6 18. Na3 e4 19. b5 Bc8 20. Nc2 Ra4 21. Nb4 Ng4 22. Ra1 Rxa1 23. Rxa1 Bxb2 24. Qxb2 Bd7 25. Ra7 Rc8 26. Qa2 Ne5 27. Bf1 Nf3+ 28. Kg2 Qf8 29. Be2 Qh6 30. Bxf3 exf3+ 31. Kxf3 f4 32. gxf4 Qh5+ 33. Ke4 Qd1 0-1

[Event "AUT-chT2W 1819"]
[Site "Austria"]
[Date "2018.10.14"]
[Round "3.3"]
[White "Neuschmied, Siegfried"]
[Black "Kuecher, Wolfgang"]
[Result "1-0"]
[WhiteElo "2284"]
[BlackElo "2124"]
[PlyCount "133"]
[EventDate "2018.10.12"]
[EventType "team-tourn"]
[EventRounds "11"]
[EventCountry "AUT"]
[SourceTitle "CBM 186 Extra"]
[Source "ChessBase"]
[SourceDate "2018.08.24"]
[SourceVersion "1"]
[SourceVersionDate "2018.08.24"]
[SourceQuality "1"]
[WhiteTeam "Kufstein/Woergl"]
[BlackTeam "Ranshofen"]
[WhiteTeamCountry "AUT"]
[BlackTeamCountry "AUT"]

1. e4 g6 2. d4 Bg7 3. Nc3 d6 4. g3 a6 5. Bg2 Nc6 6. Nge2 e5 7. Be3 exd4 8. Nxd4 Nge7 9. Qd2 0-0 10. Nxc6 Nxc6 11. Bh6 Be6 12. Bxg7 Kxg7 13. 0-0-0 Rb8 14. f4 f5 15. exf5 gxf5 16. Bd5 Qd7 17. Bxe6 Qxe6 18. Nd5 Qf7 19. Qc3+ Kh6 20. Rhe1 Rbe8 21. Rxe8 Rxe8 22. Nxc7 Rd8 23. Nxa6 bxa6 24. Qxc6 Qxa2 25. Rxd6+ Rxd6 26. Qxd6+ Kh5 27. c3 Qa1+ 28. Kc2 Qa4+ 29. Kb1 Kg4 30. Qd4 Qb3 31. Kc1 Kh3 32. Qd3 Qe6 33. g4+ Kxh2 34. Qxf5 Qe3+ 35. Kc2 Qf2+ 36. Kb3 Qb6+ 37. Ka3 Kg3 38. b4 Qc7 39. Qe5 Qc4 40. Qc5 Qf1 41. Qe3+ Kxg4 42. Qe6+ Kg3 43. Qg8+ Kf3 44. Qxh7 Qa1+ 45. Kb3 Kxf4 46. Qd3 Ke5 47. Kc4 Ke6 48. Kc5 Qg1+ 49. Kc6 Qa1 50. Qd6+ Kf7 51. c4 Qa2 52. Qd5+ Ke7 53. Kb6 Kf6 54. Qc6+ Ke5 55. Kb7 Kd4 56. Qf6+ Kd3 57. c5 Qd5+ 58. Qc6 Qf7+ 59. Kxa6 Kc3 60. b5 Kb4 61. Kb6 Qc4 62. Ka6 Qa2+ 63. Kb7 Qf7+ 64. Qc7 Qd5+ 65. c6 Kxb5 66. Qb6+ Ka4 67. Ka7 1-0

[Event "AUT-chT2W 1819"]
[Site "Austria"]
[Date "2018.10.12"]
[Round "1.2"]
[White "Barseghyan, Harutyun"]
[Black "Kuecher, Wolfgang"]
[Result "1-0"]
[WhiteElo "2466"]
[BlackElo "2124"]
[PlyCount "95"]
[EventDate "2018.10.12"]
[EventType "team-tourn"]
[EventRounds "11"]
[EventCountry "AUT"]
[SourceTitle "CBM 186 Extra"]
[Source "ChessBase"]
[SourceDate "2018.08.24"]
[SourceVersion "1"]
[SourceVersionDate "2018.08.24"]
[SourceQuality "1"]
[WhiteTeam "Neumarkt"]
[BlackTeam "Ranshofen"]
[WhiteTeamCountry "AUT"]
[BlackTeamCountry "AUT"]

1. e4 g6 2. d4 Bg7 3. Nf3 d6 4. Be3 a6 5. c4 Nc6 6. Nc3 e5 7. Be2 exd4 8. Nxd4 Nge7 9. h4 h5 10. Qd2 Nxd4 11. Bxd4 f6 12. 0-0-0 Nc6 13. Be3 Be6 14. Qc2 Qe7 15. Nd5 Qf7 16. f3 Bh6 17. Bxh6 Rxh6 18. c5 dxc5 19. Qxc5 Bxd5 20. exd5 Qe7 21. Qxe7+ Nxe7 22. d6 Nf5 23. dxc7 Rc8 24. Bd3 Rxc7+ 25. Kb1 Ne7 26. Rhe1 Kf7 27. Rc1 Nc6 28. Bc4+ Kg7 29. Bxa6 bxa6 30. Re6 g5 31. Rcxc6 Rxc6 32. Rxc6 gxh4 33. Rxa6 Rg6 34. Ra4 Rxg2 35. Rxh4 Kg6 36. a4 Kg5 37. Rh1 Rg3 38. a5 Rxf3 39. Ka2 Rf5 40. b4 Rb5 41. Kb3 h4 42. Ka4 Rb8 43. a6 Kg4 44. b5 h3 45. a7 Ra8 46. b6 Kg3 47. Kb5 Kg2 48. Rb1 1-0

[Event "AUT-chT2W 1718"]
[Site "Austria"]
[Date "2018.03.10"]
[Round "10.1"]
[White "Kuecher, Wolfgang"]
[Black "Meier, Alexander"]
[Result "1/2-1/2"]
[WhiteElo "2123"]
[BlackElo "2210"]
[PlyCount "73"]
[EventDate "2017.10.13"]
[EventType "team-tourn"]
[EventRounds "11"]
[EventCountry "AUT"]
[SourceTitle "EXT 2019"]
[Source "ChessBase"]
[SourceDate "2018.10.10"]
[SourceVersion "1"]
[SourceVersionDate "2018.10.10"]
[SourceQuality "1"]
[WhiteTeam "Ranshofen"]
[BlackTeam "Pradl"]
[WhiteTeamCountry "AUT"]
[BlackTeamCountry "AUT"]

1. d4 d6 2. e4 g6 3. Nc3 Bg7 4. Be3 a6 5. Qd2 Nd7 6. h4 h5 7. Nh3 b5 8. Ng5 Ngf6 9. f3 Bb7 10. 0-0-0 Rc8 11. Qf2 e5 12. d5 Qe7 13. Be2 c5 14. g4 c4 15. a3 Nc5 16. Rdf1 0-0 17. Rfg1 Qe8 18. Qg2 a5 19. gxh5 Nxh5 20. f4 Nxf4 21. Bxf4 exf4 22. Bg4 b4 23. h5 bxc3 24. hxg6 cxb2+ 25. Kb1 Na4 26. Rh3 f5 27. Bxf5 Rxf5 28. exf5 f3 29. Rxf3 Bxd5 30. f6 Bxf6 31. Qh3 Bxf3 32. Qh7+ Kf8 33. g7+ Bxg7 34. Qf5+ Kg8 35. Qh7+ Kf8 36. Qf5+ Kg8 37. Qh7+ 1/2-1/2

[Event "AUT-chT2W 1718"]
[Site "Austria"]
[Date "2018.01.14"]
[Round "8.5"]
[White "Bezler, Rainer"]
[Black "Kuecher, Wolfgang"]
[Result "1-0"]
[WhiteElo "2197"]
[BlackElo "2123"]
[PlyCount "117"]
[EventDate "2017.10.13"]
[EventType "team-tourn"]
[EventRounds "11"]
[EventCountry "AUT"]
[SourceTitle "EXT 2019"]
[Source "ChessBase"]
[SourceDate "2018.10.10"]
[SourceVersion "1"]
[SourceVersionDate "2018.10.10"]
[SourceQuality "1"]
[WhiteTeam "Bregenz"]
[BlackTeam "Ranshofen"]
[WhiteTeamCountry "AUT"]
[BlackTeamCountry "AUT"]

1. d4 Nf6 2. Nf3 b6 3. g3 Bb7 4. Bg2 d5 5. 0-0 e6 6. c4 Bd6 7. Nc3 0-0 8. cxd5 exd5 9. Ne5 Re8 10. Nc4 Bf8 11. Bg5 c6 12. Ne5 Be7 13. Rc1 Nfd7 14. Bf4 Nxe5 15. Bxe5 Nd7 16. Bf4 Nf6 17. Qd3 Qd7 18. Rfd1 Bb4 19. Bd2 Rad8 20. a3 Be7 21. Bf4 Nh5 22. Be3 g6 23. Nb1 f5 24. Bd2 Qe6 25. e3 Bd6 26. Bb4 Bb8 27. Nd2 g5 28. Nf3 h6 29. Ne5 Bxe5 30. dxe5 g4 31. Bd6 Rd7 32. b4 a6 33. a4 b5 34. axb5 axb5 35. h3 Rg7 36. hxg4 fxg4 37. e4 d4 38. Qxd4 Rf7 39. Qb6 Ng7 40. Bc7 Qc8 41. Bd6 Ne6 42. Bc5 Ng5 43. Rd6 Nf3+ 44. Kf1 Nxe5 45. Rxh6 Nc4 46. Rxc4 bxc4 47. Bd4 Rh7 48. Rg6+ Kf7 49. Rf6+ Ke7 50. Be5 Rg8 51. Qc5+ Ke8 52. Bd6 Qa8 53. Qe5+ Kd8 54. Bc5 Rd7 55. Rd6 Kc8 56. Rxd7 Kxd7 57. Qd6+ Kc8 58. Qe6+ Kc7 59. Qf7+ 1-0

[Event "AUT-chT2W 1718"]
[Site "Austria"]
[Date "2018.01.12"]
[Round "6.5"]
[White "Kuecher, Wolfgang"]
[Black "Klings, Peter"]
[Result "1/2-1/2"]
[WhiteElo "2123"]
[BlackElo "2160"]
[PlyCount "59"]
[EventDate "2017.10.13"]
[EventType "team-tourn"]
[EventRounds "11"]
[EventCountry "AUT"]
[SourceTitle "EXT 2019"]
[Source "ChessBase"]
[SourceDate "2018.10.10"]
[SourceVersion "1"]
[SourceVersionDate "2018.10.10"]
[SourceQuality "1"]
[WhiteTeam "Ranshofen"]
[BlackTeam "Dornbirn"]
[WhiteTeamCountry "AUT"]
[BlackTeamCountry "AUT"]

1. c4 c5 2. g3 Nc6 3. Bg2 g6 4. Nc3 Bg7 5. a3 d6 6. Rb1 Bf5 7. d3 Qc8 8. Bd2 Nf6 9. b4 0-0 10. b5 Nd8 11. e4 Bd7 12. f4 e5 13. Nf3 Bg4 14. h3 Bxf3 15. Qxf3 Ne6 16. 0-0 exf4 17. gxf4 Nd4 18. Qf2 Re8 19. Kh1 Nh5 20. Nd5 Nc2 21. Rfc1 Nd4 22. Bc3 Qd8 23. Bf3 Nf6 24. Bxd4 cxd4 25. Nxf6+ Bxf6 26. Bg2 Re7 27. Rf1 Rc8 28. Qg3 Rc5 29. Rb2 Rd7 30. Re2 1/2-1/2

[Event "AUT-chT2W 1718"]
[Site "Austria"]
[Date "2017.12.03"]
[Round "5.6"]
[White "Kuecher, Wolfgang"]
[Black "Kondrak, Christof"]
[Result "0-1"]
[WhiteElo "2123"]
[BlackElo "2146"]
[PlyCount "70"]
[EventDate "2017.10.13"]
[EventType "team-tourn"]
[EventRounds "11"]
[EventCountry "AUT"]
[SourceTitle "CBM 181 Extra"]
[Source "ChessBase"]
[SourceDate "2017.12.12"]
[SourceVersion "1"]
[SourceVersionDate "2017.12.12"]
[SourceQuality "1"]
[WhiteTeam "Ranshofen"]
[BlackTeam "Jenbach II"]
[WhiteTeamCountry "AUT"]
[BlackTeamCountry "AUT"]

1. d4 d5 2. c4 e6 3. Nf3 Nf6 4. e3 Be7 5. Bd3 0-0 6. 0-0 a6 7. Nbd2 dxc4 8. Nxc4 b5 9. Nce5 Bb7 10. a4 b4 11. Qc2 c5 12. dxc5 Qd5 13. Bd2 Qxc5 14. Qxc5 Bxc5 15. Rac1 Rc8 16. Ng5 h6 17. Ngxf7 Nbd7 18. Bc4 Bd5 19. Bxd5 exd5 20. Rc2 Re8 21. Rfc1 b3 22. Rxc5 Nxc5 23. Rxc5 Rec8 24. Rxc8+ Rxc8 25. f3 Rc2 26. Bb4 Rxb2 27. Bc3 Ra2 28. Nd6 b2 29. Bxb2 Rxb2 30. Nd3 Rb1+ 31. Kf2 Nd7 32. Nf5 Ra1 33. Ne7+ Kf7 34. Nxd5 Ra2+ 35. Kg3 Rd2 0-1